Countries Where the Capital is not the most Populous City - Statistics

General Stats
  • This quiz has been taken 155 times
    113 since last reset
  • The average score is 22 of 36
Answer Stats
Most Populous Answer % Correct
New York City United States
100%
Shanghai China
96%
São Paulo Brazil
93%
Toronto Canada
93%
Canberra Australia
91%
Mumbai India
86%
Johannesburg South Africa
86%
Lagos Nigeria
84%
Auckland New Zealand
82%
Istanbul Turkey
79%
Karachi Pakistan
76%
Casablanca Morocco
74%
Zürich Switzerland
72%
Yangon Myanmar
70%
Ho Chi Minh City Vietnam
70%
Dubai United Arab Emirates
68%
Almaty Kazakhstan
66%
Dar es Salaam Tanzania
61%
Santa Cruy de la Sierra Bolivia
59%
Guayaquil Ecuador
54%
Belize City Belize
51%
Colombo Sri Lanka
51%
Schaan Liechtenstein
50%
Abidjan Côte d'Ivoire
48%
Koror Palau
48%
Douala Cameroon
46%
Porto-Novo Benin
42%
Birkirkara Malta
42%
Serravalle San Marino
42%
Weno Federated States of Micronesia
37%
Gitega Burundi
36%
Chaguanas Trinidad and Tobago
31%
Quezon City Philippines
27%
Omdurman Sudan
26%
New Taipei Taiwan
22%
Bata Equatorial Guinea
16%
No matching quizzes found
Score Distribution
Percent of People with Each Score
Percentile by Number Answered
Your Score History
You have not taken this quiz since the last reset